UBT Library

Genesis on planet Earth : (Record no. 41631)

000 -LEADER
fixed length control field 00643cam a2200229 a 4500
001 - CONTROL NUMBER
control field 3769478
005 - DATE AND TIME OF LATEST TRANSACTION
control field 20180202070352.0
008 - FIXED-LENGTH DATA ELEMENTS--GENERAL INFORMATION
fixed length control field 831021s1984 ctua b 001 0 eng
010 ## - LIBRARY OF CONGRESS CONTROL NUMBER
LC control number 83021900
020 ## - INTERNATIONAL STANDARD BOOK NUMBER
International Standard Book Number 0300029543 (alk. paper)
020 ## - INTERNATIONAL STANDARD BOOK NUMBER
International Standard Book Number 0300032021 (pbk.)
040 ## - CATALOGING SOURCE
Original cataloging agency DLC
Transcribing agency DLC
Modifying agency DLC
041 ## - LANGUAGE CODE
Language code of text/sound track or separate title eng
080 ## - UNIVERSAL DECIMAL CLASSIFICATION NUMBER
Universal Decimal Classification number 577 WIL
082 00 - DEWEY DECIMAL CLASSIFICATION NUMBER
Classification number 577 WIL
Edition number 19
100 1# - Rafti
Rafti 42
101 ## - Shkurtesa
Shkurtesa AST
245 10 - TITLE STATEMENT
Title Genesis on planet Earth :
Statement of responsibility, etc William Day ; foreword by Lynn Margulis.
504 ## - BIBLIOGRAPHY, ETC. NOTE
Bibliography, etc Bibliography: p. 287.
906 ## - LOCAL DATA ELEMENT F, LDF (RLIN)
a 7
b cbc
c orignew
d 1
e ocip
f 19
g y-gencatlg
942 ## - ADDED ENTRY ELEMENTS (KOHA)
Source of classification or shelving scheme
Item type Books
Holdings
Withdrawn status Lost status Source of classification or shelving scheme Damaged status Not for loan Collection code Permanent location Current location Shelving location Date acquired Total Checkouts Full call number Barcode Date last seen Price effective from Koha item type
          Koleksioni i përgjithshem UBT - Lipjan UBT - Lipjan Koleksioni i përgjithshem 02/02/2018   577 WIL 002-2997511 02/02/2018 02/02/2018 Books
UBT Library © 2015-2024. All rights reserved University Education for Business and Technology